00469nam a2200145Ia 4500008004100000020001800041082001400059100002300073245005100096260001500147500001100162942000700173952012800180999001500308260604s9999 xx 000 0 und d a9789385436437 a801.9 KLA aMary klages935944 0aLiterary Theory A Guide For The Perplexed (PP) bBloomsbury aTheory cBK 00104070aIIMVbIIMVcGENERALd2026-06-04g499.00l0o801.9 KLAp004403r2026-06-04 10:21:38v499.00w2026-06-04yBKBKLA c8785d8785